000 01998nam0a22003131 4500
001 rc\4636059
005 20260408080625.0
021 _aRU
_bРг4161-59
035 _a(NLR Aleph) 008406712
090 _a9270516
_c9270516
100 _a20130416d1959 |||y0rusy50 ca
101 0 _arus
102 _aRU
105 _ay z |||||
200 1 _aСистемы автоматического управления главным электроприводом наклонного и вертикального судоподъемников
210 _aМосква
_cБ. и.
_d1959
215 _a12 с.
_d20
225 1 _aТретье Всесоюзное объединенное. совещание по автоматизации производственных процессов в машиностроении и автоматизированному электроприводу в промышленности. Тезисы докладов
_fСекция автоматизир. электропривода разных отраслей пром-сти
300 _aПеред загл. авт.: д-р техн. наук проф. А.В. Башмарин, канд. техн. наук Ф.И. Голубев, канд. техн. наук доц. В.Г. Кепперман, канд. техн. наук А.Я. Зыков
701 1 _aКепперман
_bВ.Г.
701 1 _aЗыков
_bА.Я.
701 1 _aГолубев
_bФ.И.
701 1 _aБашарин
_bА.В.
_gАртемий Васильевич
712 1 2 _aВсесоюзное объединенное совещание по автоматизации производственных процессов в машиностроении и автоматизированному электроприводу в промышленности
_d3
_f1959
_eМосква
_3RU\NLR\AUTH\8810097422
_9695932
801 0 _aRU
_bNLR
_gpsbo
801 1 _aRU
_bELAR
_2rusmarc
852 _aNLR
_j59-4/9752
942 _cBOOK
980 _aNB